|
|
|
|
| LEADER |
01164nam a2200265 a 4500 |
| 001 |
25172 |
| 003 |
BD-DhAAL |
| 008 |
120520s2006 vaua b 001 0 eng d |
| 999 |
|
|
|c 12179
|d 12179
|
| 010 |
|
|
|a 2005901720
|
| 020 |
|
|
|a 1931185247 (pbk.)
|
| 040 |
|
|
|a CTB
|c CTB
|d DLC
|d BD-DhAAL
|
| 082 |
0 |
0 |
|a 428.0071
|2 22
|
| 245 |
0 |
0 |
|a Literature in language teaching and learning /
|c edited by Amos Paran.
|
| 260 |
|
|
|a Alexandria, Va. :
|b Teachers of English to Speakers of Other Languages, Inc.,
|c c2006.
|
| 300 |
|
|
|a viii, 192 pages :
|b illustrations ;
|c 26 cm.
|
| 490 |
|
0 |
|a Case studies in TESOL practice series
|
| 504 |
|
|
|a Includes bibliographical references (pages 175-184) and index.
|
| 541 |
1 |
|
|e 00025172
|
| 650 |
|
0 |
|a English language
|x Study and teaching
|x Foreign speakers
|v Case studies.
|9 40060
|
| 650 |
|
0 |
|a Literature
|x Study and teaching
|v Case studies.
|9 40061
|
| 700 |
1 |
|
|a Paran, Amos.
|9 40062
|
| 852 |
1 |
|
|a Ayesha Abed Library
|j General Stacks
|
| 942 |
|
|
|2 ddc
|c BK
|
| 952 |
|
|
|0 0
|1 0
|4 0
|6 428_007100000000000_LIT
|7 0
|9 20212
|a BRACUL
|b BRACUL
|c GEN
|d 2012-05-20
|e Tesol International Association
|g 17.00
|l 2
|m 6
|o 428.0071 LIT
|p 3010025172
|r 2015-10-18
|s 2015-08-13
|t 1
|w 2012-05-20
|y BK
|